[Event "San Jose Metropolitano op-B 45th"]
[Site "San Jose"]
[Date "2024.12.26"]
[Round "2"]
[White "Gonzalez Ramos, Andres"]
[Black "Gomez Rodriguez, Santiago A"]
[Result "1-0"]
[WhiteElo "1823"]
[BlackElo "1586"]
[PlyCount "73"]
[EventDate "2024.12.26"]
[EventType "tourn"]
[EventRounds "9"]
[EventCountry "CRI"]
[SourceTitle "CB02_2025"]
[SourceDate "2025.01.08"]
[SourceVersion "1"]
[SourceVersionDate "2025.01.08"]
[SourceQuality "1"]

1. e4 c5 2. Nf3 e6 3. Nc3 a6 4. d4 cxd4 5. Nxd4 Qc7 6. Bd3 Nf6 7. 0-0 Nc6 8. Nxc6 Qxc6 9. a3 Bc5 10. e5 Nd5 11. Ne4 Be7 12. Qg4 Rg8 13. c4 Nc7 14. Be3 d5 15. exd6 Bxd6 16. Nf6+ Kf8 17. Nxh7+ Ke8 18. Nf6+ Kf8 19. Nxg8 Kxg8 20. Rfd1 e5 21. Qh5 e4 22. Bxe4 Qxe4 23. Rxd6 Bf5 24. Rd4 Qe6 25. Rh4 f6 26. Rd1 Re8 27. Rhd4 Bc2 28. R1d2 Ba4 29. Qc5 Bc6 30. Qd6 Qf7 31. Rd1 Ne6 32. R4d2 Rd8 33. Qg3 Rc8 34. Rd6 Ba4 35. Re1 Rxc4 36. Bh6 Rc7 37. Rdxe6 1-0